000 00326nam a2200145Ia 4500
100 _aWitt/ B.I. & others
942 _cBK
654 _aComputer
245 _aSoftware architecture & Design
260 _bVan nostand rainhold
_aNew york
_c1993
082 _a5.12
_bWIT
300 _a324
546 _aENGLISH
999 _c30145
_d30145